| 000 | 00572nam a22002057a 4500 | ||
|---|---|---|---|
| 005 | 20251108173533.0 | ||
| 008 | 250721s2003 xx 000 0 ara d | ||
| 082 | 1 | 4 | _a213.63/ إبر |
| 100 | 1 | _aالإبراهيم، صبري أحمد | |
| 245 | 1 | 0 | _aالصدق منجاة و يل للكاذبين / |
| 250 | _aط.2 | ||
| 264 | 1 |
_aدمشق : _bدار الفارابي، _c2003. |
|
| 300 | _a160ص. | ||
| 650 | 1 | 7 | _aالحديث الشريف |
| 650 | 1 | 7 | _aالصدق |
| 650 | 1 | 7 | _aالكذب |
| 650 | 1 | 7 | _aالمحرمات |
| 942 |
_2ddc _cBK |
||
| 999 |
_c106252 _d106252 |
||